000 00500nam a22001937a 4500
003 MPLRDC
005 20220104183442.0
008 210129b ||||| |||| 00| 0 eng d
020 _a986-6823-04-6
082 _a173.3 WYQY
100 _a梶原千远
245 _a拒绝长大的男人
_c林洁珏译
250 _a初版
260 _a台湾
_b日月文化出版股份有限公司
_c2007
300 _b
490 _aTURN出口. 05
650 _a成人心理学
942 _cBK
_o173.3 WYQY
999 _c62409
_d62399